| 000 | 00905cam a2200289 i 4500 | ||
|---|---|---|---|
| 001 | 200468096 | ||
| 003 | TR-AnTOB | ||
| 005 | 20260414111216.0 | ||
| 007 | ta | ||
| 008 | 081019s1959 tu $r01 $$$$ eng utur d | ||
| 040 |
_aTR-AnTOB _beng _erda _cTR-AnTOB |
||
| 041 | 0 | _aeng | |
| 044 | _ctu | ||
| 050 | 1 | 4 |
_aQA404.5 _b.S3613 1959 |
| 090 |
_aQA404.5 _b.S3613 1959 |
||
| 100 | 1 |
_aSansone, Giovanni, _d1888-1979 _eauthor _9153628 |
|
| 245 | 1 | 0 |
_aOrthogonal functions / _cG. Sansone ; translated from the Italian by Ainsley H. Diamond ; with a foreword by Einar Hille. |
| 264 | 1 |
_aNew York : _bInterscience Publishers, Inc., _c1959. |
|
| 300 |
_axii, 411 pages ; _c23 cm |
||
| 336 |
_atext _btxt _2rdacontent |
||
| 337 |
_aunmediated _bn _2rdamedia |
||
| 338 |
_avolume _bnc _2rdacarrier |
||
| 650 | 0 |
_aFunctions, Orthogonal _93237 |
|
| 700 | 1 | _etranslator | |
| 942 |
_2lcc _cBK |
||
| 999 |
_c200468096 _d86308 |
||